000 00300nam a2200109 4500
999 _c9727
_d9727
008 180716b ||||| |||| 00| 0 eng d
245 _aDavao City, DavSur share top taekwondo honors.
260 _aDavao City
_bSun Star Davao
_cc2016
300 _apage 21.
650 0 _928903
_aSports.
942 _2ddc
_cPER